Supporting the decision-making process for sustainable housing (Record no. 71184)
[ view plain ]
| 000 -LEADER | |
|---|---|
| fixed length control field | 01270cam a2200229 4500 |
| 001 - CONTROL NUMBER | |
| control field | ABS65897 |
| 008 - FIXED-LENGTH DATA ELEMENTS--GENERAL INFORMATION | |
| fixed length control field | 020920n2002 000 0 eng u |
| 035 ## - SYSTEM CONTROL NUMBER | |
| System control number | (Sirsi) u119762 |
| 100 ## - MAIN ENTRY--PERSONAL NAME | |
| Personal name | Li, H |
| 245 ## - TITLE STATEMENT | |
| Title | Supporting the decision-making process for sustainable housing |
| 260 ## - PUBLICATION, DISTRIBUTION, ETC. | |
| Date of publication, distribution, etc. | 2002 |
| 490 ## - SERIES STATEMENT | |
| Series statement | Construction Management and Economics |
| Volume/sequential designation | 20(5) July/August 2002, 387-390(4) |
| 520 ## - SUMMARY, ETC. | |
| Summary, etc. | Wide acceptance of the concept of sustainable development has led to a demand for policies on sustainable housing. The issues of how sustainable housing can be measured or evaluated and how decision-making regarding sustainable housing can be facilitated are areas that require further research. This paper aims to introduce a conceptual approach in developing a decision-support tool for sustainable housing. An empirical decision-support model for sustainable housing indicators using fuzzy-set theory (SHIFT) is described, with particular focus on framing decision-making for multiple criteria or objectives. (TAKEN FROM ARTICLE HEADNOTE). |
| 590 ## - LOCAL NOTE (RLIN) | |
| Local note | ABS |
| 650 ## - SUBJECT ADDED ENTRY--TOPICAL TERM | |
| Topical term or geographic name entry element | SUSTAINABLE HOUSING |
| 650 ## - SUBJECT ADDED ENTRY--TOPICAL TERM | |
| Topical term or geographic name entry element | FUZZY SETS THEORY |
| 650 ## - SUBJECT ADDED ENTRY--TOPICAL TERM | |
| Topical term or geographic name entry element | DECISION MAKING |
| 650 ## - SUBJECT ADDED ENTRY--TOPICAL TERM | |
| Topical term or geographic name entry element | DECISION SUPPORT TOOLS |
| 690 ## - LOCAL SUBJECT ADDED ENTRY--TOPICAL TERM (OCLC, RLIN) | |
| Topical term or geographic name as entry element | BUILT ENVIRONMENT |
| 700 ## - ADDED ENTRY--PERSONAL NAME | |
| Personal name | Shen, Q |
| 942 ## - ADDED ENTRY ELEMENTS (KOHA) | |
| Suppress in OPAC | 0 |
| Withdrawn status | Lost status | Source of classification or shelving scheme | Damaged status | Not for loan | Home library | Current library | Shelving location | Date acquired | Total Checkouts | Full call number | Barcode | Date last seen | Copy number | Price effective from | Koha item type |
|---|---|---|---|---|---|---|---|---|---|---|---|---|---|---|---|
| Dewey Decimal Classification | London | London | Journal article | 20/09/2002 | ABS65897 | 119762-1001 | 06/08/2019 | 1 | 06/08/2019 | Journal article |